• 首页
  • 本馆介绍
  • 公告通知
  • 最新文献
  • 馆藏检索
  • 电子资源
  • 读者导购
  • 参考咨询
  • 我的图书馆
  • 登录
  • 详细信息显示
  • 放入我的书架
  • 预约/预借图书
  • 作者相关作品
  • 分类相关作品
  • 丛书相关作品
  • 出版社相关作品

书目信息

  • 表格格式
  • 工作单格式
  • 卡片格式
题名:
体育教学改革创新与信息化教学研究
    
 
作者: 彭仁兰 , 王根深 , 赵鹏东 著
分册:  
出版信息: 北京   中国书籍出版社  2022.01
页数: 292页
开本: 24cm
丛书名: 高校学术研究论著丛刊
单 册:
中图分类: G807.01 , G807.4
科图分类:
主题词: 体育教学--ti yu jiao xue--教学改革--研究 , 体育教学--ti yu jiao xue--计算机辅助教学--教学研究
电子资源:
ISBN: 978-7-5068-8488-4
000 01440nam 2200325 450
001 012001000885
005 20141202091804.0
010    @a978-7-5068-8488-4@dCNY98.00
099    @aCAL 012022025443
100    @a20220905d2022 em y0chiy50 ea
101 0  @achi
102    @aCN@b110000
105    @aa a 000yy
106    @ar
200 1  @a体育教学改革创新与信息化教学研究@Ati yu jiao xue gai ge chuang xin yu xin xi hua jiao xue yan jiu@f彭仁兰, 王根深, 赵鹏东著
210    @a北京@c中国书籍出版社@d2022.01
215    @a292页@c图@d24cm
225 2  @a高校学术研究论著丛刊@Agao xiao xue shu yan jiu lun zhu cong kan@i艺术体育
320    @a有书目 (第289-292页)
330    @a本书首先阐述了体育教学与创新教育的基本知识, 接着对体育教学的基本发展情况进行分析 ; 在此基础上, 对体育教学思维与目标、体育教学方法、体育教学内容、体育教学模式、体育教学评价、体育教学主体、体育教学管理几个方面的具体改革创新进行了深入探析, 并从背景、安全教育、环境保护、特殊课程设置几个方面入手, 对体育教学改革创新保障体系构建进行了研究。
410  0 @12001 @a高校学术研究论著丛刊@i艺术体育
606 0  @a体育教学@Ati yu jiao xue@x教学改革@x研究
606 0  @a体育教学@Ati yu jiao xue@x计算机辅助教学@x教学研究
690    @aG807.01@v5
690    @aG807.4@v5
701  0 @a彭仁兰@Apeng ren lan@4著
701  0 @a王根深@Awang gen shen@4著
701  0 @a赵鹏东@Azhao peng dong@4著
801  0 @aCN@bAHXH@c20221111
905    @b1362607-11@dG807.01@e1995@f5
    
    体育教学改革创新与信息化教学研究/彭仁兰, 王根深, 赵鹏东著.-北京:中国书籍出版社,2022.01
    292页:图;24cm.-(高校学术研究论著丛刊.艺术体育)
    
    
    ISBN 978-7-5068-8488-4:CNY98.00
    本书首先阐述了体育教学与创新教育的基本知识, 接着对体育教学的基本发展情况进行分析 ; 在此基础上, 对体育教学思维与目标、体育教学方法、体育教学内容、体育教学模式、体育教学评价、体育教学主体、体育教学管理几个方面的具体改革创新进行了深入探析, 并从背景、安全教育、环境保护、特殊课程设置几个方面入手, 对体育教学改革创新保障体系构建进行了研究。
●
相关链接 在E读中查询图书 在五车中查询图书 在当当中查询图书 在豆瓣中查询图书


正题名:体育教学改革创新与信息化教学研究     索取号:G807.01/1995         预约/预借

序号 登录号 条形码 馆藏地/架位号 状态 备注
1 1362607   213626076   第一样本阅览室/ [索取号:G807.01/1995] 在馆    
2 1362608   213626085   教育系资料室/ [索取号:G807.01/1995] 在馆    
3 1362609   213626094   教育系资料室/ [索取号:G807.01/1995] 在馆    
4 1362610   213626101   第四借阅区/ [索取号:G807.01/1995] 在馆    
5 1362611   213626110   第四借阅区/ [索取号:G807.01/1995] 在馆    
唐山师范学院图书馆 欢迎您!
大连网信软件有限公司© 版权所有